00334 a2200109 450000500170000002000220001708200160003910000190005524500450007426000490011930000560016820250317120221.0 a978-1-107-40153-2 a382.920 MSH aMSHOMBA, R. E. aAfrican and the World Trade Organization aNew York,bCambridge Universty Press,c2009. axxii, 360p.: map, tablebBibliography, indexc24cm.